| 000 | 00415cam a2200169ua 4500 | ||
|---|---|---|---|
| 020 | _c1.50 | ||
| 041 |
_amal _h |
||
| 082 |
_a894.8121 _bPAR/KA |
||
| 100 | _aParameswara Aiyer, Ullur. | ||
| 245 |
_aKalpashaki / _cUllur S Parameswara Iyyer. _hTextual Documents |
||
| 260 |
_aUllur : _bUllur Publishers , _c1962. |
||
| 300 | _a137 ; . | ||
| 365 | _a1.50 | ||
| 504 | _a | ||
| 942 | _cBK | ||
| 999 |
_c4822 _d4822 |
||